| 000 | 00390cam a2200169ua 4500 | ||
|---|---|---|---|
| 041 |
_amal _h |
||
| 082 |
_a894.812 803 _b |
||
| 100 | _aKesava , Dev . | ||
| 245 |
_aChitasala / _cKesava Dev. _hTextual Documents |
||
| 250 |
_a1 / _b. |
||
| 260 |
_aKottayam : _bNational Book Stall , _c1955. |
||
| 300 | _a76 ; . | ||
| 500 | _aKES/CH | ||
| 504 | _a | ||
| 942 | _cBK | ||
| 999 |
_c3741 _d3741 |
||